| 000 | 00621nam a2200205 a 4500 | ||
|---|---|---|---|
| 003 | PILC | ||
| 005 | 20150112093438.0 | ||
| 008 | 100722s19uu xx 00 eng d | ||
| 020 | _a0132072599 | ||
| 050 |
_aHD 58.7 _b.B918 1997 |
||
| 082 |
_aMnSF 658.402 _bB85 1997 |
||
| 100 |
_aBuchanan, David _916847 |
||
| 245 |
_aOrganizational behaviour : _bAn introductory text / |
||
| 250 | _a3rd ed. | ||
| 260 |
_aLondon : _bPrentice Hall International UK Ltd, _c1997. |
||
| 300 |
_a744 pages : _billustration ; _c26 cm. |
||
| 650 |
_aOrganizational behavior _916607 |
||
| 700 |
_aHuczynski, Andrzej _916848 |
||
| 942 |
_2lcc _cBK |
||
| 999 |
_c14658 _d14658 |
||